000 01957nam0a2200349 4500
001 RU\NLR\BIBL_A\011457309
005 20241114175235.0
010 _a9785288057342
_9500
021 _aRU
_b2017-53741
_93832
035 _a(RuMoRGB)008942755
035 _a(NLR Aleph) 011457309
090 _a11784024
_c11784024
100 _a20170817d2017 u y0rusy50 ca
101 0 _arus
102 _aRU
105 _ay zzzz||||1yy
200 1 _aВычисление интегралов с особенностями и решение сингулярных интегральных уравнений
_eучебное пособие
_fА. А. Марданов
_gСанкт-Петербургский государственный университет
210 _aСанкт-Петербург
_cИзд-во Санкт-Петербургского университета
_d2017
215 _a103, [2] с.
_d20
320 _aБиблиогр.: с. 102-104 (43 назв.)
606 1 _aКоши интегралы
_jУчебные издания для высших учебных заведений
_xКвадратурные формулы
_92105688
_3RU\NLR\AUTH\661576665
606 1 _aСингулярные интегральные уравнения
_jУчебные издания для высших учебных заведений
_xРешение
_xПриближенные методы
_91975064
_3RU\NLR\AUTH\66905418
606 _aСингулярные интегралы
_jУчебные издания для высших учебных заведений
_xКвадратурные формулы
_92105679
_3RU\NLR\AUTH\661576660
686 _aВ192.15я73-1
_2rubbk
686 _aВ192.163я73-1
_2rubbk
686 1 _aВ192.163я73-1
686 1 _aВ192.151я73-1
700 1 _aМарданов
_bА. А.
_gАлексей Асмедович
942 _cBOOK
980 _aNBR